| 000 | 00982nam a2200241Ia 4500 | ||
|---|---|---|---|
| 999 |
_c39860 _d39860 |
||
| 001 | 6465 | ||
| 003 | GE_BSU | ||
| 005 | 20191127115741.0 | ||
| 008 | 181216s2011||||ge |||||||||||||| ||geo|| | ||
| 020 | _a9789994073436 | ||
| 040 | _cGE_BSU | ||
| 041 | _ageo | ||
| 080 | _a821.353.1-31 ა-58 | ||
| 100 |
_aამირეჯიბი, ჭაბუა _95586 |
||
| 245 |
_aდათა თუთაშხია : _bრომანი / _cმთ.რედ. თამარ ჯავახიშვილი; მხატვ. გიორგი წერეთელი. |
||
| 264 |
_aთბილისი : _bჭაბუა, _c2011. |
||
| 300 |
_a613 გვ. ; _b25 სმ. |
||
| 653 | _aდათა თუთაშხია | ||
| 653 | _aრომანი | ||
| 700 |
_a ჯავახიშვილი, თამარ _eმთ.რედაქტორი _95587 |
||
| 700 |
_aწერეთელი, გიორგი _eმხატვარი _92264 |
||
| 942 |
_cBK _2udc |
||